000 00484nam a2200181 i 4500
001 23835
003 ES-MaACL
005 20240522063031.0
007 t|
008 021212s1885 it ||||1| ita d
100 0 _aDe Amicis, Edmondo,
_d1846-1908
_943032
245 1 0 _aMarocco /
_cdi Edmondo De Amicis.
250 _a10. ed.
260 _aMilano :
_bFratelli Treves,
_c1885.
300 _a483 p. ;
_c18 cm.
852 _aES-MaACL
_jF-9324
999 _c23835
_d23835